[Event "EYCC 2017"]
[Site "Mamaia"]
[Date "2017.09.11"]
[Round "6"]
[White "Zachary, Matheo"]
[Black "Bjerre, Jonas Buhl"]
[Result "0-1"]
[WhiteElo "2325"]
[BlackElo "2348"]
[Annotator "TA"]
[PlyCount "112"]
[EventDate "2017.??.??"]
[EventType "swiss"]
[EventCountry "ROU"]
[SourceTitle "playchess.com"]
[Source "ChessBase"]
[SourceQuality "1"]

1. e4 c5 2. Nf3 d6 3. d4 cxd4 4. Nxd4 Nf6 5. Nc3 a6 6. h3 e5 7. Nde2 h5 8. Nd5 Nxd5 9. Qxd5 Nc6 10. Qd1 Be6 11. Nc3 Be7 12. Be2 g6 13. Nd5 Rc8 14. c3 Bg5 15. O-O Bxc1 16. Rxc1 O-O 17. Qd2 Bxd5 18. Qxd5 Qc7 19. Rcd1 Rfd8 20. Kh1 Kg7 21. Rd2 Ne7 22. Qb3 Qc6 23. Bf3 Rc7 24. Rfd1 Nc8 25. Rd5 Rcd7 26. Qc2 b5 27. Qe2 Nb6 28. R5d3 Rh8 29. b3 Na8 30. Qd2 Rhd8 31. Qg5 Nc7 32. Qd2 Ne6 33. g3 a5 34. Bg2 h4 35. Kh2 Qb6 36. Bf3 hxg3+ 37. fxg3 Rc7 38. Bg4 Nc5 39. Re3 b4 40. c4 a4 41. Rf1 axb3 42. axb3 Ra8 43. Qf2 Rca7 44. Qf6+ Kg8 45. h4 Qd8 46. Qf3 Ra2+ 47. Kh3 R8a7 48. Rf2 Rxf2 49. Qxf2 Ra3 50. Qc2 Qa8 51. h5 Ra2 52. Qb1 gxh5 53. Bxh5 Ra1 54. Qc2 Rh1+ 55. Kg4 Qc8+ 56. Kg5 Ne6+ 0-1

[Event "EYCC 2017"]
[Site "Mamaia"]
[Date "2017.09.11"]
[Round "6"]
[White "Zarubitski, Viachaslau"]
[Black "Trimitzios, Petros"]
[Result "1/2-1/2"]
[WhiteElo "2325"]
[BlackElo "2191"]
[Annotator "TA"]
[PlyCount "56"]
[EventDate "2017.??.??"]
[EventType "swiss"]
[EventCountry "ROU"]
[SourceTitle "playchess.com"]
[Source "ChessBase"]
[SourceQuality "1"]

1. e4 e5 2. Nf3 Nc6 3. Bb5 Nf6 4. O-O Nxe4 5. Re1 Nd6 6. Nxe5 Be7 7. Bf1 Nxe5 8. Rxe5 O-O 9. d4 Ne8 10. Re1 d5 11. Bd3 Be6 12. Nd2 Bf6 13. c3 Nd6 14. Qc2 g6 15. Nf3 Bf5 16. Bxf5 Nxf5 17. Bf4 c6 18. Qb3 Qb6 19. Be5 Bxe5 20. Nxe5 Rad8 21. Nd3 Qc7 22. Re5 Nd6 23. Rae1 Rfe8 24. Qa3 a5 25. Qb3 Rxe5 26. Rxe5 Re8 27. Rxe8+ Nxe8 28. Qd1 Qe7 1/2-1/2

[Event "EYCC 2017"]
[Site "Mamaia"]
[Date "2017.09.11"]
[Round "6"]
[White "Bronstein, Or"]
[Black "Kevlishvili, Robby"]
[Result "1-0"]
[WhiteElo "2308"]
[BlackElo "2450"]
[Annotator "TA"]
[PlyCount "79"]
[EventDate "2017.??.??"]
[EventType "swiss"]
[EventCountry "ROU"]
[SourceTitle "playchess.com"]
[Source "ChessBase"]
[SourceQuality "1"]

1. d4 d5 2. c4 c6 3. cxd5 cxd5 4. Bf4 Nc6 5. e3 Nf6 6. Nc3 Bg4 7. Qb3 Na5 8. Qa4+ Bd7 9. Qc2 Rc8 10. Bd3 e6 11. Nf3 Be7 12. O-O O-O 13. h3 b5 14. Qe2 Nc4 15. Ne5 b4 16. Nb1 Nxe5 17. Bxe5 a5 18. a3 Ne4 19. axb4 Bxb4 20. Na3 f6 21. Bh2 Qb6 22. Nc4 dxc4 23. Bxe4 Bb5 24. Rfb1 c3 25. Qh5 f5 26. bxc3 Rxc3 27. Bf3 Bd3 28. Rb2 Qb5 29. Be5 Qc4 30. Qg5 Rf7 31. d5 Rc1+ 32. Rxc1 Qxc1+ 33. Kh2 Qc8 34. Bh5 Ra7 35. dxe6 Qxe6 36. Qd8+ Bf8 37. f4 Rd7 38. Qxf8+ Kxf8 39. Rb8+ Ke7 40. Re8# 1-0

[Event "EYCC 2017"]
[Site "Mamaia"]
[Date "2017.09.11"]
[Round "6"]
[White "Szpar, Milosz"]
[Black "Fakhrutdinov, Timur"]
[Result "1/2-1/2"]
[WhiteElo "2308"]
[BlackElo "2441"]
[Annotator "TA"]
[PlyCount "95"]
[EventDate "2017.??.??"]
[EventType "swiss"]
[EventCountry "ROU"]
[SourceTitle "playchess.com"]
[Source "ChessBase"]
[SourceQuality "1"]

1. e4 e5 2. Nf3 Nc6 3. Bb5 Nf6 4. O-O Nxe4 5. d4 Nd6 6. Bxc6 dxc6 7. dxe5 Nf5 8. Qxd8+ Kxd8 9. h3 Be7 10. Nc3 Nh4 11. Nxh4 Bxh4 12. Be3 h5 13. Rad1+ Ke8 14. Rd2 Be7 15. a3 Bf5 16. Ne2 Rd8 17. Nd4 Bh7 18. f4 c5 19. Nf3 Rxd2 20. Nxd2 Bf5 21. c3 Kd7 22. Kf2 Kc6 23. Rg1 h4 24. Rc1 Rd8 25. b4 Kb5 26. a4+ Kxa4 27. Ra1+ Kb5 28. Ra5+ Kc6 29. b5+ Kd7 30. Rxa7 Rb8 31. Ke2 Ke6 32. Nb3 Be4 33. Bxc5 Bxg2 34. Nd4+ Kd7 35. Bxe7 Kxe7 36. Nf5+ Kd7 37. Nxh4 Bxh3 38. Nf3 Be6 39. Ke3 Bd5 40. Ra1 Ke7 41. Rd1 Bxf3 42. Kxf3 Ra8 43. Rd5 b6 44. Ke4 g6 45. Rd4 Ra5 46. Rc4 Kd7 47. Rd4+ Ke6 48. Rc4 1/2-1/2

[Event "EYCC 2017"]
[Site "Mamaia"]
[Date "2017.09.11"]
[Round "6"]
[White "Bohus, Adam"]
[Black "Gaifullin, Artur"]
[Result "1/2-1/2"]
[WhiteElo "2305"]
[BlackElo "2413"]
[Annotator "TA"]
[PlyCount "142"]
[EventDate "2017.??.??"]
[EventType "swiss"]
[EventCountry "ROU"]
[SourceTitle "playchess.com"]
[Source "ChessBase"]
[SourceQuality "1"]

1. d4 d5 2. c4 e6 3. Nc3 Nf6 4. Nf3 Be7 5. Bf4 O-O 6. e3 c5 7. dxc5 Bxc5 8. cxd5 Nxd5 9. Nxd5 exd5 10. Bd3 Bb4+ 11. Nd2 Nc6 12. O-O Be7 13. a3 Bf6 14. Nf3 g6 15. Qd2 Qb6 16. Rab1 Bg4 17. Be2 Rad8 18. Bg5 Bxg5 19. Nxg5 Bxe2 20. Qxe2 d4 21. exd4 Nxd4 22. Qg4 h6 23. Nf3 h5 24. Qh3 Ne2+ 25. Kh1 Rfe8 26. Qh4 Nd4 27. Ng5 Qf6 28. Rfe1 Kg7 29. Qg3 Nf5 30. Qc3 Qxc3 31. bxc3 Rxe1+ 32. Rxe1 Rc8 33. Ne4 Re8 34. f3 Nd6 35. Kg1 Re6 36. Kf2 Nxe4+ 37. fxe4 Ra6 38. Rb1 b6 39. Rb3 Kf6 40. Ke3 Ra4 41. Kd3 Ke6 42. c4 Ra5 43. Kd4 h4 44. Rh3 Rg5 45. Rxh4 Rxg2 46. Rh3 Rd2+ 47. Kc3 Rd7 48. Rh8 Rc7 49. Kd4 Rc5 50. Re8+ Kd7 51. Re5 Rc8 52. Rd5+ Kc7 53. Ke5 Re8+ 54. Kf6 Rxe4 55. Kxf7 Rxc4 56. Kxg6 Rh4 57. Rd2 Rh3 58. a4 Kc6 59. Rc2+ Kd5 60. Kg5 a6 61. Rb2 Kc5 62. Rc2+ Kb4 63. Rb2+ Ka5 64. Ra2 Kb4 65. Rb2+ Kxa4 66. Rxb6 a5 67. Rb2 Ka3 68. Rf2 Kb3 69. Kg4 Rh8 70. h4 a4 71. h5 a3 1/2-1/2

[Event "EYCC 2017"]
[Site "Mamaia"]
[Date "2017.09.11"]
[Round "6"]
[White "Lazov, Toni"]
[Black "Plenca, Jadranko"]
[Result "1-0"]
[WhiteElo "2289"]
[BlackElo "2440"]
[Annotator "TA"]
[PlyCount "36"]
[EventDate "2017.??.??"]
[EventType "swiss"]
[EventCountry "ROU"]
[SourceTitle "playchess.com"]
[Source "ChessBase"]
[SourceQuality "1"]

1. e4 e5 2. Nf3 Nc6 3. d4 exd4 4. Nxd4 Bb4+ 5. c3 Bc5 6. Be3 Bb6 7. Nf5 Bxe3 8. Nxe3 d6 9. c4 Nge7 10. Bd3 O-O 11. Nc3 Nd4 12. O-O Bd7 13. f4 Nec6 14. Ncd5 Ne7 15. e5 Nxd5 16. Nxd5 c6 17. Nc3 dxe5 18. fxe5 Be6 1-0

[Event "EYCC 2017"]
[Site "Mamaia"]
[Date "2017.09.11"]
[Round "6"]
[White "Murzin, Volodar"]
[Black "Kirillov, Dmitry"]
[Result "1-0"]
[WhiteElo "2280"]
[BlackElo "2137"]
[Annotator "TA"]
[PlyCount "103"]
[EventDate "2017.??.??"]
[EventType "swiss"]
[EventCountry "ROU"]
[SourceTitle "playchess.com"]
[Source "ChessBase"]
[SourceQuality "1"]

1. e4 c5 2. Nf3 e6 3. g3 Nc6 4. Bg2 Nf6 5. d3 d5 6. Nbd2 Be7 7. O-O O-O 8. e5 Nd7 9. Re1 Qc7 10. Qe2 b6 11. Nf1 Ba6 12. Bf4 c4 13. d4 Nb4 14. Qd1 Nc6 15. c3 b5 16. Ne3 b4 17. Nxd5 exd5 18. e6 Bd6 19. Bxd6 Qxd6 20. exd7 Qxd7 21. Ne5 Nxe5 22. Rxe5 Bb7 23. cxb4 Rfe8 24. Qd2 f6 25. Rxe8+ Rxe8 26. Re1 Kf7 27. Rxe8 Qxe8 28. Qd1 g6 29. a3 Qd7 30. Qc2 Qe8 31. Bf3 Kg7 32. Kg2 Kf7 33. b3 cxb3 34. Qxb3 Qe6 35. b5 Ke7 36. Qb4+ Kd7 37. Qc5 Qb6 38. a4 Ba8 39. Qf8 Qd8 40. Qf7+ Qe7 41. Qg8 Bb7 42. Qb8 Ke6 43. Qxa7 h5 44. Qb6+ Kf7 45. Qc5 Qd7 46. h4 Kg7 47. b6 Kf7 48. a5 Ke6 49. Be2 Qc6 50. a6 Ba8 51. Qxc6+ Bxc6 52. b7 1-0

[Event "EYCC 2017"]
[Site "Mamaia"]
[Date "2017.09.11"]
[Round "6"]
[White "Maltsevskaya, Aleksandra"]
[Black "Sliwicka, Alicja"]
[Result "1-0"]
[WhiteElo "2271"]
[BlackElo "2230"]
[Annotator "TA"]
[PlyCount "112"]
[EventDate "2017.??.??"]
[EventType "swiss"]
[EventCountry "ROU"]
[SourceTitle "playchess.com"]
[Source "ChessBase"]
[SourceQuality "1"]

1. e4 e5 2. Nf3 Nc6 3. Bb5 a6 4. Ba4 Nf6 5. O-O Be7 6. Re1 b5 7. Bb3 d6 8. c3 O-O 9. h3 Na5 10. Bc2 c5 11. d4 Nd7 12. Nbd2 exd4 13. cxd4 Nc6 14. d5 Nce5 15. Nxe5 Nxe5 16. f4 Ng6 17. Nf3 Bh4 18. Rf1 Bg3 19. f5 Ne5 20. Ng5 h6 21. f6 hxg5 22. Bxg5 g6 23. Qc1 Nd7 24. Rf3 Be5 25. Qe1 Bxb2 26. Rb1 Bd4+ 27. Kh1 Re8 28. Qh4 Re5 29. Rbf1 Bb7 30. g4 Rxg5 31. Qxg5 Bxf6 32. Rxf6 Nxf6 33. Qxf6 Qxf6 34. Rxf6 Rd8 35. Kh2 Kf8 36. h4 Ke7 37. Rf2 c4 38. Kg3 a5 39. h5 Ba6 40. Kf4 b4 41. Kg5 c3 42. Kh6 Rg8 43. Kh7 Kf8 44. h6 g5 45. e5 dxe5 46. Rf6 Bb5 47. Rb6 Be8 48. Rb8 Rg6 49. Bxg6 fxg6 50. d6 Kf7 51. Rb7+ Ke6 52. Kg7 Bc6 53. d7 Bxd7 54. h7 Bc6 55. Rc7 Kd6 56. Rxc6+ Kd5 1-0

[Event "EYCC 2017"]
[Site "Mamaia"]
[Date "2017.09.11"]
[Round "6"]
[White "Cvitan, Ena"]
[Black "Badelka, Olga"]
[Result "1/2-1/2"]
[WhiteElo "2270"]
[BlackElo "2335"]
[Annotator "TA"]
[PlyCount "48"]
[EventDate "2017.??.??"]
[EventType "swiss"]
[EventCountry "ROU"]
[SourceTitle "playchess.com"]
[Source "ChessBase"]
[SourceQuality "1"]

1. d4 d5 2. c4 dxc4 3. e3 Nf6 4. Nf3 b5 5. a4 b4 6. Bxc4 e6 7. O-O Bb7 8. Qe2 c5 9. Rd1 Nbd7 10. Nbd2 Be7 11. e4 O-O 12. e5 Nd5 13. Ne4 cxd4 14. Bd3 Rc8 15. h4 Nc5 16. Nxc5 Rxc5 17. Ng5 g6 18. Ne4 Rc7 19. Bh6 Re8 20. h5 Bf8 21. Bg5 Be7 22. Bh6 Bf8 23. Bg5 Be7 24. Bh6 Bf8 1/2-1/2

[Event "EYCC 2017"]
[Site "Mamaia"]
[Date "2017.09.11"]
[Round "6"]
[White "Afonasieva, Anna"]
[Black "Nilssen, Ellen Fredericia"]
[Result "1-0"]
[WhiteElo "2263"]
[BlackElo "1977"]
[Annotator "TA"]
[PlyCount "57"]
[EventDate "2017.??.??"]
[EventType "swiss"]
[EventCountry "ROU"]
[SourceTitle "playchess.com"]
[Source "ChessBase"]
[SourceQuality "1"]

1. d4 d5 2. c4 e6 3. Nc3 Nf6 4. Nf3 Bb4 5. e3 c6 6. Bd3 Qa5 7. Bd2 dxc4 8. Bxc4 b5 9. Bd3 Nd5 10. Qc2 Bb7 11. O-O Nd7 12. e4 Nxc3 13. bxc3 Ba3 14. Qb3 a6 15. c4 b4 16. c5 e5 17. Ng5 O-O-O 18. Nxf7 exd4 19. Bc4 Nxc5 20. Qg3 Qc7 21. Bf4 Qd7 22. Ne5 Qe7 23. Be2 Nd7 24. Nc4 Qc5 25. Bd6 Qa7 26. Bc7 Qc5 27. Nd6+ Kxc7 28. Nb5+ Kb6 29. Qc7# 1-0

[Event "EYCC 2017"]
[Site "Mamaia"]
[Date "2017.09.11"]
[Round "6"]
[White "Sieber, Fiona"]
[Black "Weis, Olga"]
[Result "1/2-1/2"]
[WhiteElo "2248"]
[BlackElo "2005"]
[Annotator "TA"]
[PlyCount "93"]
[EventDate "2017.??.??"]
[EventType "swiss"]
[EventCountry "ROU"]
[SourceTitle "playchess.com"]
[Source "ChessBase"]
[SourceQuality "1"]

1. e4 c5 2. Nf3 e6 3. d4 cxd4 4. Nxd4 Nf6 5. Nc3 Nc6 6. Ndb5 Bc5 7. Bf4 e5 8. Bg5 O-O 9. Bxf6 Qxf6 10. Qd2 d6 11. Nc7 Rb8 12. N7d5 Qh4 13. g3 Qh5 14. Be2 Bg4 15. Bxg4 Qxg4 16. Qe2 Qe6 17. O-O-O Nd4 18. Qd3 f5 19. Rhf1 fxe4 20. Qxe4 Nf3 21. Nf4 Qh6 22. Qxf3 exf4 23. g4 b6 24. Nd5 a5 25. h4 Rbe8 26. g5 Qxh4 27. Nc7 Re5 28. Rd5 Rff5 29. Rxe5 Rxe5 30. Qa8+ Kf7 31. g6+ hxg6 32. Nd5 Qg5 33. Qb7+ Ke6 34. c4 f3+ 35. Kb1 Qf5+ 36. Ka1 Qf8 37. Nc7+ Kd7 38. Nd5+ Ke8 39. Rh1 Bxf2 40. a3 Re1+ 41. Rxe1+ Bxe1 42. Qc8+ Kf7 43. Qd7+ Kg8 44. Ne7+ Kf7 45. Nd5+ Kg8 46. Ne7+ Kf7 47. Nd5+ 1/2-1/2

[Event "EYCC 2017"]
[Site "Mamaia"]
[Date "2017.09.11"]
[Round "6"]
[White "Mis, Mieszko"]
[Black "Ozenir, Ekin Baris"]
[Result "1-0"]
[WhiteElo "2245"]
[BlackElo "2422"]
[Annotator "TA"]
[PlyCount "111"]
[EventDate "2017.??.??"]
[EventType "swiss"]
[EventCountry "ROU"]
[SourceTitle "playchess.com"]
[Source "ChessBase"]
[SourceQuality "1"]

1. d4 e6 2. Bf4 Nf6 3. e3 b6 4. Nd2 Bb7 5. c3 c5 6. Ngf3 Nc6 7. Bd3 Be7 8. h3 O-O 9. O-O d5 10. Qe2 Bd6 11. Rfe1 Bxf4 12. exf4 Ne7 13. Rad1 a5 14. Ne5 c4 15. Bc2 b5 16. Ndf3 Qd6 17. g3 Ba6 18. Ng4 Nxg4 19. hxg4 Rae8 20. Kg2 Ng6 21. Rh1 f5 22. Rh5 Bb7 23. Rdh1 h6 24. g5 hxg5 25. Nxg5 Rf6 26. Rh7 Kf8 27. Qh5 Qc6 28. Rh8+ Ke7 29. Rxe8+ Qxe8 30. Nh7 Qf7 31. Nxf6 Qxf6 32. Qg5 Bc6 33. Qxf6+ Kxf6 34. b3 Kf7 35. Rb1 Ne7 36. a4 b4 37. cxb4 axb4 38. Kf1 c3 39. Ke2 Be8 40. Bd3 Nc6 41. Ke3 Na5 42. Bc2 Kg8 43. f3 Bg6 44. g4 Kf7 45. gxf5 Bxf5 46. Bxf5 exf5 47. Kd3 Ke6 48. Re1+ Kd6 49. Rg1 Nxb3 50. Rb1 c2 51. Kxc2 Nxd4+ 52. Kd3 Nc6 53. Rg1 Kc5 54. Rxg7 d4 55. Rb7 Kd6 56. Rb5 1-0

[Event "EYCC 2017"]
[Site "Mamaia"]
[Date "2017.09.11"]
[Round "6"]
[White "Kubicka, Anna"]
[Black "Sucikova, Svetlana"]
[Result "1-0"]
[WhiteElo "2221"]
[BlackElo "2055"]
[Annotator "TA"]
[PlyCount "75"]
[EventDate "2017.??.??"]
[EventType "swiss"]
[EventCountry "ROU"]
[SourceTitle "playchess.com"]
[Source "ChessBase"]
[SourceQuality "1"]

1. e4 c6 2. c4 e5 3. Nf3 d6 4. d4 exd4 5. Nxd4 Nf6 6. Nc3 Be7 7. Be2 O-O 8. O-O Nbd7 9. Nf5 Nc5 10. Nxe7+ Qxe7 11. f3 Be6 12. Bg5 Rad8 13. Qc2 Bc8 14. Rad1 b6 15. Bh4 Bb7 16. b4 Ne6 17. f4 Nc7 18. Bd3 Qe6 19. e5 dxe5 20. fxe5 Qxe5 21. Bxf6 gxf6 22. Bxh7+ Kh8 23. Be4 Ne6 24. Qf2 Ng5 25. Qc2 Rd4 26. Rf5 Qd6 27. Rff1 Rd8 28. Qf2 Kg7 29. h4 Nxe4 30. Nxe4 Qe5 31. Rde1 Rxc4 32. Nxf6 Qd4 33. Re3 Kh8 34. Ng4 Qg7 35. Ne5 Rcd4 36. Nxf7+ Kg8 37. Nxd8 Rxd8 38. Rg3 1-0

[Event "EYCC 2017"]
[Site "Mamaia"]
[Date "2017.09.11"]
[Round "6"]
[White "Tsvetkov, Andrey"]
[Black "Tadic, Stefan"]
[Result "1-0"]
[WhiteElo "2219"]
[BlackElo "2074"]
[Annotator "TA"]
[PlyCount "103"]
[EventDate "2017.??.??"]
[EventType "swiss"]
[EventCountry "ROU"]
[SourceTitle "playchess.com"]
[Source "ChessBase"]
[SourceQuality "1"]

1. d4 Nf6 2. c4 c5 3. d5 b5 4. cxb5 a6 5. bxa6 g6 6. Nc3 Bg7 7. e4 O-O 8. a7 Rxa7 9. Nf3 e6 10. Be2 Ba6 11. O-O exd5 12. exd5 d6 13. Re1 Rb7 14. a4 Bxe2 15. Rxe2 Na6 16. Bf4 Nb4 17. Qd2 Re8 18. Rxe8+ Nxe8 19. Nb5 Rb6 20. Re1 Nf6 21. Bg5 Qd7 22. Bxf6 Bxf6 23. Ng5 Qf5 24. Ne4 Be5 25. g3 Qf3 26. Re3 Qg4 27. f4 Bg7 28. Nexd6 Qd7 29. Ne4 Nxd5 30. Rd3 Qe7 31. Nf2 Nf6 32. Re3 Qd7 33. Qxd7 Nxd7 34. Re7 Rb7 35. b3 Kf8 36. Rxf7+ Kxf7 37. Nd6+ Ke6 38. Nxb7 Kd5 39. Kg2 Bc3 40. Kf3 Nf6 41. Nd1 Bd2 42. Ke2 Bb4 43. Kd3 Ke6 44. Nd8+ Kd7 45. Nf7 Ke6 46. Ng5+ Kd5 47. Ne3+ Kc6 48. Ne4 Ng8 49. Ng4 Ne7 50. Kc4 Nf5 51. Ne5+ Kb6 52. Nxc5 1-0

[Event "EYCC 2017"]
[Site "Mamaia"]
[Date "2017.09.11"]
[Round "6"]
[White "Goltseva, Ekaterina"]
[Black "Sargsyan, Anna M"]
[Result "1/2-1/2"]
[WhiteElo "2214"]
[BlackElo "2047"]
[Annotator "TA"]
[PlyCount "83"]
[EventDate "2017.??.??"]
[EventType "swiss"]
[EventCountry "ROU"]
[SourceTitle "playchess.com"]
[Source "ChessBase"]
[SourceQuality "1"]

1. d4 d5 2. c4 e6 3. Nf3 c6 4. e3 f5 5. Bd3 Nf6 6. O-O Bd6 7. b3 Qe7 8. a4 Nbd7 9. Ba3 Ne4 10. Bxd6 Qxd6 11. Nfd2 O-O 12. f3 Nxd2 13. Qxd2 e5 14. cxd5 cxd5 15. dxe5 Qxe5 16. Nc3 Nf6 17. Rac1 Bd7 18. Bb1 Rfe8 19. Rfe1 Rac8 20. b4 a6 21. Ba2 Kh8 22. Bb3 Rcd8 23. Qd4 Qe7 24. a5 f4 25. e4 dxe4 26. Nxe4 Bc6 27. Qc5 Nxe4 28. Qxe7 Rxe7 29. Bc2 h6 30. Bxe4 Bxe4 31. fxe4 Rd4 32. e5 Rxb4 33. Rcd1 g5 34. Rd5 Kg7 35. Kf2 Rb3 36. Re2 Rc3 37. Rb2 Rc6 38. Kf3 Rc3+ 39. Ke4 Rc4+ 40. Kd3 Rc1 41. Ke4 Rc4+ 42. Kd3 1/2-1/2

[Event "EYCC 2017"]
[Site "Mamaia"]
[Date "2017.09.11"]
[Round "6"]
[White "Gueci, Tea"]
[Black "Diakonova, Ekaterina"]
[Result "1-0"]
[WhiteElo "2181"]
[BlackElo "2276"]
[Annotator "TA"]
[PlyCount "95"]
[EventDate "2017.??.??"]
[EventType "swiss"]
[EventCountry "ROU"]
[SourceTitle "playchess.com"]
[Source "ChessBase"]
[SourceQuality "1"]

1. e4 c6 2. d4 d5 3. e5 Bf5 4. h4 h5 5. c4 e6 6. Nc3 dxc4 7. Bxc4 Nd7 8. Bg5 Ne7 9. Nge2 f6 10. exf6 gxf6 11. Be3 Nb6 12. Bb3 Ned5 13. Ng3 Bg6 14. Qf3 Qe7 15. Nge4 O-O-O 16. O-O Bf5 17. g3 Bg4 18. Qg2 Nxe3 19. fxe3 Bh6 20. Rae1 Rhf8 21. Nf2 Rg8 22. Nce4 f5 23. Nc5 Nd5 24. Bxd5 exd5 25. Ncd3 Bxe3 26. Kh2 Rde8 27. Nxg4 Rxg4 28. Rxf5 Re4 29. Qh3 Kb8 30. Nc5 Rxd4 31. Re5 Rxh4 32. Qxh4 Qxh4+ 33. gxh4 Bf4+ 34. Kg2 Bxe5 35. Rxe5 Rxe5 36. Nd7+ Kc7 37. Nxe5 Kd6 38. Nd3 c5 39. Kf3 c4 40. Nf4 Ke5 41. Nxh5 b5 42. Ng3 d4 43. h5 c3 44. bxc3 dxc3 45. Ke3 b4 46. Kd3 Kf6 47. Ne4+ Kf5 48. Nxc3 1-0

[Event "EYCC 2017"]
[Site "Mamaia"]
[Date "2017.09.11"]
[Round "6"]
[White "Borhy, Marcell"]
[Black "Radojicic, Aleksandar M"]
[Result "1-0"]
[WhiteElo "2178"]
[BlackElo "1909"]
[Annotator "TA"]
[PlyCount "81"]
[EventDate "2017.??.??"]
[EventType "swiss"]
[EventCountry "ROU"]
[SourceTitle "playchess.com"]
[Source "ChessBase"]
[SourceQuality "1"]

1. Nf3 Nf6 2. c4 c5 3. g3 b6 4. Bg2 Bb7 5. O-O g6 6. Nc3 Bg7 7. d4 cxd4 8. Nxd4 Bxg2 9. Kxg2 O-O 10. e4 d6 11. Be3 Qc7 12. Rc1 Nc6 13. Nd5 Qd7 14. Nxc6 Nxe4 15. Qc2 f5 16. f3 Nc5 17. b4 Nb7 18. Ndxe7+ Kf7 19. b5 Nc5 20. Bxc5 dxc5 21. Qd1 Qxd1 22. Rcxd1 a6 23. a4 Rfe8 24. Nd5 Re2+ 25. Rf2 Rxf2+ 26. Kxf2 axb5 27. axb5 Ra2+ 28. Kg1 Bh6 29. f4 g5 30. Nd8+ Ke8 31. Ne6 gxf4 32. Nexf4 Bxf4 33. gxf4 Re2 34. Nxb6 Re4 35. Nc8 Rxf4 36. b6 Rf3 37. Rb1 Kd7 38. b7 Rc3 39. b8=Q Rxc4 40. Nb6+ Kc6 41. Nxc4 1-0

[Event "EYCC 2017"]
[Site "Mamaia"]
[Date "2017.09.11"]
[Round "6"]
[White "Volovich, Vasily"]
[Black "Gavrilescu, David"]
[Result "0-1"]
[WhiteElo "2166"]
[BlackElo "2346"]
[Annotator "TA"]
[PlyCount "119"]
[EventDate "2017.??.??"]
[EventType "swiss"]
[EventCountry "ROU"]
[SourceTitle "playchess.com"]
[Source "ChessBase"]
[SourceQuality "1"]

1. e4 c6 2. Nf3 d5 3. Nc3 a6 4. d4 Bg4 5. h3 Bh5 6. exd5 cxd5 7. g4 Bg6 8. Ne5 e6 9. h4 f6 10. Nxg6 hxg6 11. Ne2 Bd6 12. Nf4 Bxf4 13. Bxf4 g5 14. Bg3 Nc6 15. Qd2 gxh4 16. Rxh4 Rxh4 17. Bxh4 Nge7 18. O-O-O Kf7 19. Kb1 b5 20. Qe3 Qd7 21. Re1 Rc8 22. f4 Na5 23. b3 Nac6 24. Bg3 Rh8 25. Bg2 f5 26. g5 Ng6 27. a3 Na7 28. Rd1 Nc8 29. c4 bxc4 30. bxc4 Nb6 31. c5 Nc4 32. Qb3 Qc7 33. Ka1 Rb8 34. Qc3 Qb7 35. Qb4 Qxb4 36. axb4 Rxb4 37. Rc1 Na5 38. Rc3 Rxd4 39. Bf3 Ra4+ 40. Kb1 Ne7 41. Bh5+ g6 42. Be2 Nc4 43. Be1 Na3+ 44. Kc1 Nb5 45. Rh3 Kg7 46. Bd2 Nc6 47. Kb2 e5 48. fxe5 Nxe5 49. Re3 Nc4+ 50. Bxc4 Rxc4 51. Re7+ Kf8 52. Re6 Rc2+ 53. Kxc2 Nd4+ 54. Kc3 Nxe6 55. Kb4 Nd4 56. Ka5 Nb3+ 57. Kb6 Nxd2 58. c6 Nc4+ 59. Kc5 Ke7 60. Kd4 0-1

[Event "EYCC 2017"]
[Site "Mamaia"]
[Date "2017.09.11"]
[Round "6"]
[White "Korchagina, Alena"]
[Black "Garcia Martin, Marta"]
[Result "0-1"]
[WhiteElo "2158"]
[BlackElo "2360"]
[Annotator "TA"]
[PlyCount "90"]
[EventDate "2017.??.??"]
[EventType "swiss"]
[EventCountry "ROU"]
[SourceTitle "playchess.com"]
[Source "ChessBase"]
[SourceQuality "1"]

1. d4 d5 2. c4 e6 3. Nf3 Nf6 4. Nc3 Bb4 5. Qa4+ Nc6 6. e3 O-O 7. Qc2 Bd6 8. c5 Be7 9. Be2 b6 10. cxb6 axb6 11. O-O Nb4 12. Qb1 c5 13. Ne5 Bb7 14. Bd2 Nc6 15. Nxc6 Bxc6 16. Rc1 Qd7 17. b3 Bd6 18. a4 e5 19. Nb5 Ne4 20. Be1 exd4 21. Nxd6 Qxd6 22. exd4 cxd4 23. Bd3 h6 24. Qb2 Qf6 25. Bb4 Rfc8 26. Rc2 Bb7 27. Rac1 Nc3 28. Bxc3 dxc3 29. Rxc3 Rc5 30. Qd2 Rac8 31. Rxc5 bxc5 32. Bb1 Qb6 33. Qd3 g6 34. Qe3 Kg7 35. Qe5+ Kh7 36. Qf4 Kg7 37. Rc3 Re8 38. Qc1 d4 39. Rh3 h5 40. Qd2 c4 41. a5 c3 42. Qc1 Qxa5 43. Bc2 Qe5 44. Qf1 Qe1 45. Bd3 Qd2 0-1

[Event "EYCC 2017"]
[Site "Mamaia"]
[Date "2017.09.11"]
[Round "6"]
[White "Remizov, Yaroslav"]
[Black "Schitco, Ivan"]
[Result "1-0"]
[WhiteElo "2146"]
[BlackElo "2325"]
[Annotator "TA"]
[PlyCount "107"]
[EventDate "2017.??.??"]
[EventType "swiss"]
[EventCountry "ROU"]
[SourceTitle "playchess.com"]
[Source "ChessBase"]
[SourceQuality "1"]

1. e4 c6 2. d4 d5 3. Nc3 dxe4 4. Nxe4 Bf5 5. Ng3 Bg6 6. N1e2 e6 7. Nf4 Qc7 8. Bc4 Nf6 9. c3 Bd6 10. Qf3 Nbd7 11. O-O O-O-O 12. a4 Rhe8 13. a5 e5 14. Nxg6 e4 15. Qe2 fxg6 16. b4 a6 17. Bb3 e3 18. Bxe3 h5 19. b5 axb5 20. Rfc1 Ng4 21. a6 bxa6 22. Rxa6 Nb8 23. Ra8 Bxg3 24. hxg3 Nxe3 25. fxe3 Qxg3 26. e4 Rd7 27. e5 h4 28. Qf3 Qxf3 29. gxf3 b4 30. Ra4 c5 31. e6 Rc7 32. dxc5 Rxc5 33. Rxb4 g5 34. Kg2 Nc6 35. Ra4 Kc7 36. Kh3 Rf8 37. Kg2 Rd8 38. Rc4 Rxc4 39. Bxc4 Rd2+ 40. Kh3 Kd6 41. Re1 Rc2 42. Rd1+ Kc5 43. Bd5 Rxc3 44. Be4 Ne7 45. Rd7 g4+ 46. Kxg4 Ng8 47. e7 Nf6+ 48. Kxh4 Re3 49. Rd5+ Kc4 50. Re5 Ne8 51. Bd5+ Kd3 52. Rxe3+ Kxe3 53. Bc6 Nd6 54. Kg4 1-0

[Event "EYCC 2017"]
[Site "Mamaia"]
[Date "2017.09.11"]
[Round "6"]
[White "Yayloyan, Konstantin"]
[Black "Santos Ruiz, Miguel"]
[Result "1/2-1/2"]
[WhiteElo "2142"]
[BlackElo "2505"]
[Annotator "TA"]
[PlyCount "64"]
[EventDate "2017.??.??"]
[EventType "swiss"]
[EventCountry "ROU"]
[SourceTitle "playchess.com"]
[Source "ChessBase"]
[SourceQuality "1"]

1. e4 c5 2. Nf3 d6 3. d4 cxd4 4. Nxd4 Nf6 5. Nc3 a6 6. Be3 e5 7. Nf3 Be7 8. Bc4 O-O 9. O-O Nc6 10. Bg5 Be6 11. Bb3 Nd7 12. Bxe7 Qxe7 13. Nd5 Qd8 14. c3 Na5 15. Re1 Rc8 16. Ne3 Nxb3 17. axb3 Nc5 18. Nd5 f5 19. exf5 Rxf5 20. b4 e4 21. Ne3 Nd3 22. Nxf5 Bxf5 23. Nd4 Bg6 24. Qd2 Nxe1 25. Rxe1 Qf6 26. Nc2 Rf8 27. Ne3 Bf7 28. Qc2 d5 29. Rd1 Re8 30. Rd4 Qc6 31. Qd1 Re5 32. Qg4 h6 1/2-1/2

[Event "EYCC 2017"]
[Site "Mamaia"]
[Date "2017.09.11"]
[Round "6"]
[White "Popov, Konstantin"]
[Black "Silich, Yahor"]
[Result "1-0"]
[WhiteElo "2141"]
[BlackElo "1846"]
[Annotator "TA"]
[PlyCount "91"]
[EventDate "2017.??.??"]
[EventType "swiss"]
[EventCountry "ROU"]
[SourceTitle "playchess.com"]
[Source "ChessBase"]
[SourceQuality "1"]

1. e4 c5 2. Nf3 Nc6 3. Nc3 g6 4. g3 Bg7 5. Bg2 e6 6. O-O d5 7. exd5 exd5 8. Re1+ Nge7 9. d4 cxd4 10. Nb5 O-O 11. Nbxd4 Nf5 12. Nb3 d4 13. Bf4 h6 14. Ne5 Qb6 15. Nxc6 bxc6 16. Be5 Be6 17. Bxg7 Kxg7 18. Qd2 Rac8 19. g4 Nh4 20. Qxd4+ Kg8 21. Qxb6 axb6 22. h3 Nxg2 23. Kxg2 Rfd8 24. Rad1 c5 25. Nc1 Kf8 26. a3 Bc4 27. b3 Bb5 28. Na2 c4 29. Nc3 Bc6+ 30. Kg3 b5 31. Rxd8+ Rxd8 32. bxc4 bxc4 33. Rd1 Ra8 34. Ra1 Rd8 35. a4 g5 36. a5 Ra8 37. Nd1 Bb5 38. Ne3 Ba6 39. Nf5 Rd8 40. Nxh6 Rd2 41. Ra2 Rd1 42. Nf5 Bb7 43. f3 Rf1 44. Rb2 Rxf3+ 45. Kh2 Rf2+ 46. Kg1 1-0